Регионална библиотека "Любен Каравелов" - Русе

Manuel d'obstétrique (Запис номер 412262)

MARC детайли
000 -Лидер
Контролно поле с фиксирана дължина nam a22 a 4500
003 - Код на организацията, давaща контролен номер
Контролно поле BLK
005 - Дата и час на последна редакция
Контролно поле 20210429122818.0
008 - Елементи от данни с фиксирана дължина
fixed length control field 210429b bu |||||r|||| 00| | bu d
040 ## - Източник на каталожния запис
Идентификатор на билиотеката - собственик на записа BLK
041 ## - Код за език
Код за езика на текст/звукозапис или на отделно заглавие Френски
Код за езика КДБФ Френски
080 ## - УДК
Текстов определител УДК Акушерство. Общи въпроси
УДК код - определител по УДК 618.2/.7
УДК - код + определител 618.2/.7
100 ## - Редна дума - Автор
R(LIN) 1299
Автор Nielly, Maurice
Авторска отговорност първи автор
139 ## - Редно поле
Редна дума Nielly, Maurice
245 ## - Сведения за заглавието
Заглавие Manuel d'obstétrique
Подзаглавни данни ou, Aide-mémoire de l'élève et du praticien
Редно поле (дума) Maurice Nielly
250 ## - Област на изданието
Сведения за изданието 2e éd. revue, corr. et augm
260 ## - Област на издателските данни
9 (RLIN) 451687
Място на издаване, разпространение и проч. Paris
Име на издателя, разпространителя и проч. G. Masson
Година на издаване 1880
300 ## - Физическа характеристика
Страници 260 с.
Илюстрации и др. с фиг.
Размери/Мащаб 17 см
380 ## - Жанр
Жанр Медицина
490 ## - СЕРИИ (Колекции)
9 (RLIN) 435080
Име на серия Колекция Редки и ценни издания
650 #0 - Допълнително описание по предмет – тема
9 (RLIN) 247985
Основно описание – тема или топоним Акушерство - учебници за ВУЗ
653 #7 - Ключова дума – ненормативна
9 (RLIN) 180548
Ключова дума акушерство
852 ## - Местоположение
Форматна сигнатура Рф 880
Фондова буква Редки и ценни
999 ## - СИСТЕМНИ КОНТРОЛНИ НОМЕРА
Koha biblionumber 412262
Koha biblioitemnumber 412262
942 ## - АРТИКУЛИ
Вид на библиотечния материал Книги
Скрит в OPAC Не
Периодичен библиозапис Да
944 ## - СЪЗДАВАНЕ И РЕДАКЦИЯ на ЗАПИСА
Създаване/Редакция Създаване
Дата на регистрацията/редакция 2021-04-29
Служител, извършил регистрацията/редакцията Христина Везирева
Наличности
Код за отписване Код за изгубен артикул Източник на класификационната схема Код за повреда Коз за рестрикции Код за отдаване Артикулен № Име на библиотеката - собственик Име на библиотеката, в която се намира в момента Статус (Текущо местоположение) Дата на вписване в системата Местоположение - отдел Цена в лева Инвентарен номер Систематично азбучна сигнатура Баркод Цена в евро Служебен тип на артикула
  Не е изгубен Universal Decimal Classification Не е повреден само за читалня Специални фондове ( старопечатни, редки и ценни, фонд М. Арнаудов) 854881 Регионална библиотека "Любен Каравелов" Русе Регионална библиотека "Любен Каравелов" Русе Редки и ценни 2021-09-24 Редки и ценни 0.56 10598 Рф 880 900000056437 0.29 Книги
Vip Innovations Ltd, Rousse, Bulgaria 2025